00837 a2200217 4500001000500000005001700005008004100022003001500063040004000078080003900118245004900157020001800206264003200224300002500256942000700281590003600288100003700324856013600361999001300497952010900510383520260407155430.0260407a1992 arg spa dAR-UNSa-BCEJYS aAR-UNSa-BCEJYSbspacAR-UNSa-BCEJYS a(038)33xDiccionario de Economía10aDiccionario de economía y administración a84-7615-791-6 1aMadrid :bMcGraw-Hillc1992 aviii, 383 p.c25 cm. cBK aniveau_biblio:m niveau_hierar:01 aSuarez Suarez, Andrés Santiago41uhttps://t2.gstatic.com/images?q=tbn:ANd9GcS2HYQn9OWvxTe1c-6GPE0DeA7WTKtfwBURYU8SVVN6sWQT01F-wD4u5Uc2yImagen de portadaqimage/jpeg c369d369 00104070aBCEJYSbBCEJYSc16d2026-04-07l0oR(038)33 S939pL58748r2026-04-07 15:54:30w2026-04-07yL